000
00217 a2200097 4500
001
43425
100
_a
Selig,J.M
245
_a
Geometric Fundamentals of Robotics
260
_a
USA
_b
Springer
_c
090
_c
27249
_d
27249
942
_a
NUST-CAE
_c
M
_c
19168
999
_c
278498
_d
278498